000 00366cam a22001217a 4500
008 180718b1981 xxu||||| |||| 00| 0 eng d
082 _aA81x54 In2/71/27/PT9
100 _aCensus of India 1971
245 _aDelhi: census atlas
260 _aDelhi
_bThe Controller of Publications
_c1981
300 _a223+p.
440 _aCensus of India 1971. Series-27, Delhi. Part IX
999 _c485576
_d485576